书目信息 |
| 题名: |
数字水准测量
|
|
| 作者: | 杨俊志 , 李恩宝, , 温殿忠, 编著 | |
| 分册: | ||
| 出版信息: | 北京 测绘出版社 2009.06 |
|
| 页数: | 99页 | |
| 开本: | 24cm | |
| 丛书名: | ||
| 单 册: | ||
| 中图分类: | TH761 | |
| 科图分类: | ||
| 主题词: | 数字式测量仪器--shu zi shi ce liang yi qi--水准仪--测量 | |
| 电子资源: | ||
| ISBN: | 978-7-5030-1922-7 | |
| 000 | 01039nam0 2200289 450 | |
| 001 | 96524 | |
| 005 | 20250912200757.10 | |
| 010 | @a978-7-5030-1922-7@dCNY22.00@z7-5030-1922-0 | |
| 100 | @a20101216d2009 em y0chiy50 ea | |
| 101 | 0 | @achi@eeng |
| 102 | @aCN@b110000 | |
| 105 | @aak a 000yy | |
| 106 | @ar | |
| 200 | 1 | @a数字水准测量@Ashu zi shui zhun ce liang@d= Digital leveling@f杨俊志, 李恩宝, 温殿忠编著@zeng |
| 210 | @a北京@c测绘出版社@d2009.06 | |
| 215 | @a99页@c图@d24cm | |
| 300 | @a测绘科技专著出版基金资助 | |
| 320 | @a有书目 (第98-99页) | |
| 330 | @a本书利用条码尺实测数据论述了数字水准仪的条码尺的编码测量原理, 论述了数字水准仪的特有误差源及进行数字化水准测量的方法。 | |
| 510 | 1 | @aDigital leveling@zeng |
| 606 | 0 | @a数字式测量仪器@Ashu zi shi ce liang yi qi@x水准仪@x测量 |
| 690 | @aTH761@v4 | |
| 701 | 0 | @a杨俊志@Ayang jun zhi@4编著 |
| 701 | 0 | @a李恩宝,@Ali en bao@f1962- @4编著 |
| 701 | 0 | @a温殿忠,@Awen dian zhong@f1949.4- @4编著 |
| 801 | 0 | @aCN@c20250909 |
| 905 | @a河南城建学院图书馆@dTH761@eY209 | |
| 数字水准测量= Digital leveling/杨俊志, 李恩宝, 温殿忠编著.-北京:测绘出版社,2009.06 |
| 99页:图;24cm |
| 测绘科技专著出版基金资助 |
| ISBN 978-7-5030-1922-7:CNY22.00 |
| 本书利用条码尺实测数据论述了数字水准仪的条码尺的编码测量原理, 论述了数字水准仪的特有误差源及进行数字化水准测量的方法。 |
| ● |
| 相关链接 |
|
|
|
正题名:数字水准测量
索取号:TH761/Y209
 
预约/预借
| 序号 | 登录号 | 条形码 | 馆藏地/架位号 | 状态 | 备注 |
| 1 | 1631036 | 216310365 | 自科库501/501自科库 135排4列4层/ [索取号:TH761/Y209] | 在馆 |